Las condiciones de trabajo de los economistas españoles (Record no. 146328)

MARC details
000 -LEADER
campo de control de longitud fija 00651nam a2200181 i 4500
001 - NÚMERO DE CONTROL
campo de control 146328
003 - IDENTIFICADOR DE NÚMERO DE CONTROL
campo de control ES-MaACL
005 - FECHA Y HORA DE LA ÚLTIMA TRANSACCIÓN
campo de control 20230906201509.0
007 - CAMPO FIJO DE DESCRIPCIÓN FÍSICA--INFORMACIÓN GENERAL
campo de control de longitud fija t|
008 - DATOS DE LONGITUD FIJA--INFORMACIÓN GENERAL
campo de control de longitud fija 070906s1972 sp ||||1| spa d
080 ## - NÚMERO DE LA CLASIFICACIÓN DECIMAL UNIVERSAL
Número de la Clasificación Decimal Universal 330.07(46)
100 1# - ENTRADA PRINCIPAL--NOMBRE DE PERSONA
Nombre de persona Trías Fargas, Ramón.
9 (RLIN) 111378
245 14 - MENCIÓN DEL TÍTULO
Título Las condiciones de trabajo de los economistas españoles
Resto del título : el empleo y la remuneración de los licenciados en ciencias económicas /
Mención de responsabilidad, etc. Ramón Trías Fargas, Pedro Puig Bastard.
260 ## - PUBLICACIÓN, DISTRIBUCIÓN, ETC.
Lugar de publicación, distribución, etc. Barcelona :
Nombre del editor, distribuidor, etc. Jaime Libros,
Fecha de publicación, distribución, etc. [1972]
300 ## - DESCRIPCIÓN FÍSICA
Extensión 291 p. con 1 gráf. ;
Dimensiones 24 cm.
700 1# - ENTRADA AGREGADA--NOMBRE PERSONAL
Nombre de persona Puig Bastard, Pedro.
9 (RLIN) 94252
852 ## - LOCALIZACIÓN
Ubicación ES-MaACL
Número de control de estantería C-42599
Sublocalización o colección R.81793
Holdings
Estatus retirado Estado de pérdida Estado de daño No para préstamo Biblioteca de origen Biblioteca actual Ubicación en estantería Fecha de adquisición Fuente de adquisición Total de préstamos Signatura topográfica completa Código de barras Visto por última vez Precio de reemplazo Tipo de ítem Koha
        Biblioteca del Ateneo de Madrid Biblioteca del Ateneo de Madrid Depósito 2 17/01/2008     C-42599 1152729 23/02/2023 23/02/2023 Libro impreso